• 首页
  • 本馆介绍
  • 公告通知
  • 最新文献
  • 馆藏检索
  • 电子资源
  • 读者导购
  • 参考咨询
  • 我的图书馆
  • 登录
  • 详细信息显示
  • 放入我的书架
  • 预约/预借图书
  • 作者相关作品
  • 分类相关作品
  • 丛书相关作品
  • 出版社相关作品

书目信息

  • 表格格式
  • 工作单格式
  • 卡片格式
题名:
批判哲学的批判
    
 
作者: 李泽厚 著
分册:  
出版信息: 北京   人民出版社  1979
页数: 458页
开本: 20cm
丛书名:
单 册:
中图分类: B516.31 , B08
科图分类:
主题词: 哲学思想-康德,I.--思想评论 , 哲学学派--研究
电子资源:
ISBN:
000 00671nam0 2200253 45
001 1252938633
005 20090929161446.39
010    @dCNY1.35
091    @aCN@b2001.175
100    @a19950712d1979 emky0chiy0121 ea
101 0  @achi
102    @aCN@b110000
105    @ay z 000yy
200 10 @a批判哲学的批判@Api pan zhe xue de pi pan@e康德述评@f李泽厚著
210    @a北京@c人民出版社@d1979
215    @a458页@d20cm
600  1 @a康德@bI.@x哲学思想@x思想评论
606 0  @a哲学思想-康德,I.@x思想评论
606 0  @a哲学学派@x研究
690    @aB516.31@v3
690    @aB08@v4
701  0 @a李泽厚@Ali ze hou@4著
801  0 @aCN@bTSSF
905    @a10447@dB08@eJY46
    
    批判哲学的批判:康德述评/李泽厚著.-北京:人民出版社,1979
    458页;20cm
    
    
    ISBN :CNY1.35
    
●
相关链接 在E读中查询图书 在五车中查询图书 在当当中查询图书 在豆瓣中查询图书


正题名:批判哲学的批判     索取号:B08/JY46         预约/预借

序号 登录号 条形码 馆藏地/架位号 状态 备注
1 7809589   278095892   学院路分馆/ [索取号:B08/JY46] 在馆    
2 7809590   278095909   学院路分馆/ [索取号:B08/JY46] 在馆    
唐山师范学院图书馆 欢迎您!
大连网信软件有限公司© 版权所有